00480nam a2200145Ia 4500003000900000008004100009040001600050080001600066110003500082245009600117260005200213300001000265650004100275650001800316IN-BaIIA211028s9999 xx 000 0 eng d cIIA Library a550.34bMER aObservatoire royal de Belgique 0aLisbe des observatoiris magnetiques ed des observatoiris sesimologiquescObs. Roy. Belgique aBruxellsbObservatoire Royal De Belgeiquec1910 a192p. aAstronomy and Astrophysics Thesaurus aObservatories